000 01805nam a2200313 4500
001 0000100122
005 20250329165434.0
008 190730s2019 000 0 eng d
040 _aCO-CtgCURN
_bspa
_ccoctgcurn
041 0 _aspa
082 0 _aENF 2019
_bP644
100 1 _aPimienta Pereira, Saskia Yannael.
245 1 0 _aMotivos y consecuencias del abandono percibido por los adultos mayores de asilos de Cartagena :
_b2019 /
_cSaskia Yannael Pimienta Pereira; Maria Angelica Morales Madero; Senia Salas Godoy; Melissa Vega Ortiz; Asesor Zoraya Barrios Puerta.
260 _aCartagena de Indias :
_bCorporación Universitaria Rafael Núñez,
_c2019.
300 _a75 Hojas.
336 _2rdacontent
_atext
_btxt
337 _2rdacarrier
_asin mediacion
_bn
338 _2rdacarrier
_avolumen
_bnc
502 _aTrabajo de grado (Enfermeria). Corporacion Universitaria Rafael Nuñez. Facultad de Ciencias de la salud. Enfermeria, 2019.
520 _aEl abandono representa un fenómeno con graves repercusiones en el bienestar de los adultos mayores, sobre todo, porque deviene en angustia emocional o psicológica, desmejoras en calidad de vida, problemas de salud (nuevos o exacerbados), hospitalizaciones, institucionalización prematura, suicidio y mayor riesgo de mortalidad.
650 0 _aEnfermeria
_vTesis y disertaciones academicas.
700 1 _aMorales Madero, Maria Angelica.
700 1 _aSalas Godoy, Senia.
700 1 _aVega Ortiz, Melissa.
700 1 _aBarrios Puerta, Zorayda,
_eAsesora.
856 _uhttps://unicurn.sharepoint.com/:b:/s/biblioteca/EWuodyxNew1JqiBN69fn3kYBjicUsqLSeeu1_mJ4XBslJA?e=fzsW6X
_zClick aqui para ver el recurso en texto completo
942 _cTG
_hENF 2019
_iP644
999 _c4037
_d4037